00631nam a2200181Ia 450000500170000000800410001702000180005804000130007608200130008910000200010224500980012226000250022030000090024565000150025494200070026995201560027699900170043220260427102037.0231207s9999 xx 000 0 und d a9780349114576 cPK-LaNCA a080bLEB aLebert, Stephen 0aMy father's keeper: the children of the Nazi leaders-an intimate history of dameg adn denial bAbacusaLondonc2001 a243p aInterviews cBK 0010406080_000000000000000_LEB_2007070915948aNCAbNCAcLibrary Basement d2023-12-08l0o080 LEB 20070p20070r2023-12-08 00:00:00w2023-12-08yBK c15948d15948